| 000 | 01108nam a2200301 a 4500 | ||
|---|---|---|---|
| 999 |
_c22684 _d22684 |
||
| 001 | 4814706 | ||
| 003 | OSt | ||
| 005 | 20200512120559.0 | ||
| 008 | 891010s1988 pk b 001 0 eng | ||
| 020 | _a8171512798 | ||
| 040 | _coclc | ||
| 082 | 0 | 0 |
_a297 _220 _bBEN/I |
| 100 |
_aBennabi, Malik _92170 |
||
| 245 | 1 | 0 |
_aIslam in history and society / _cMalek Bennabi |
| 250 | _a1st ed. | ||
| 260 |
_aNew Delhi: _bKitab Bhavan, _c1999. |
||
| 300 |
_a110p _c25 cm. |
||
| 490 | 1 |
_aIslamic Research Institute publications ; _vno. 73 |
|
| 500 | _aTranslation of: Vocation de l'Islam. | ||
| 500 | _a"Malek Bennabi : his life, times, and thought : translator's introduction": p. [1]-26. | ||
| 504 | _aIncludes bibliographical references. | ||
| 650 | 0 |
_aIslam _y20th century. |
|
| 651 | 0 |
_aIslamic countries _xCivilization. |
|
| 830 | 0 |
_aPublication (Islamic Research Institute (Pakistan)) ; _vno. 73. |
|
| 906 |
_a7 _bcbc _corignew _d3 _encip _f19 _gy-gencatlg |
||
| 942 |
_2ddc _cBK _h297 _iBEN/I _k297 _mBEN/I |
||